000 00436nam a2200181Ia 4500
008 230711s9999||||xx |||||||||||||| ||und||
020 _a978-93-85904-42-4
041 _aENG
082 _a530.13
_bGU-S
100 _aGupta,S.L
245 0 _aElementary statistical mechanics
250 _a20th Ed.
260 _c2016
_aNew Delhi
_bPragati Parkashan Meerut
300 _a399p.
650 _aPhysics
700 _aKumar,V
942 _cBK
999 _c6163
_d6163